Tvorba T revue pre literatúru, kultúru a duchovný život

Bibliographic Details
New Title:Tvorba
Format: Journal
Language:Slovak
PhysicalDescription:12 zv. 30 cm
Published: Liptovský Mikuláš Tranoscius 1991-2002
Bratislava Spoločnosť pre Tvorbu T
ISSN:1336-2526
Subjects:

MARC

LEADER 00000nas a2200000 a 4500
001 vtls008881380
003 SK-MaSNL
005 20260228162147.0
008 160624d19912002xo qr p 0 0 b0slo d
035 |a (SVKBB03)vtls000065223 
040 |a SVKBB  |b slo  |c SVKBB  |d SNK  |e AACR2 
041 0 |a slo 
044 |a xo  |c SK 
080 |a 82  |2 2001 
080 |a 008  |2 2001 
080 |a 27-584  |2 2001 
080 |a 050  |2 2001 
084 |a Index 497 77  |2 mksr 
245 0 0 |a Tvorba T  |b revue pre literatúru, kultúru a duchovný život 
247 0 1 |a Tvorba T  |b mesačník pre literatúru, kultúru a duchovný život  |f 1991-1995 
260 |a Liptovský Mikuláš  |b Tranoscius  |c 1991-2002 
260 3 |3 2002  |a Bratislava  |b Spoločnosť pre Tvorbu T 
300 |a 12 zv.  |c 30 cm 
310 |a 4x ročne  |b 1997-2002 
321 |a 10x ročne  |b 1991-1995 
321 |a 1x ročne  |b 1996 
362 0 |a Roč. 1 = 10, č. 1 (1991)-roč. XII = XXI, č. 4 (2002) 
550 |a 2001 vydáva Spoločnosť pre Tvorbu T, Bratislava v Tranosciu, Lipt. Mikuláš 
650 0 7 |a literatúra  |2 SNKPH  |9 1427 
650 0 7 |a kultúra  |2 SNKPH  |9 886 
650 0 7 |a duchovný život  |2 SNKPH  |9 1807 
655 7 |a odborné časopisy  |2 SNKPH  |9 70505 
785 0 0 |t Tvorba  |x 1336-2526  |w (SNK) vtls001472800 
852 |a Štátna vedecká knižnica v Banskej Bystrici 
910 |a snk 
916 |a 1991 -2002 
999 |c 6979  |d 8909 
952 |0 0  |1 0  |4 0  |7 0  |8 0  |a SNK  |b SNK  |d 2009-06-24  |f 1  |i snkČSP 804/99  |l 0  |o snkČSB 299/5(14)/1995  |p 17A0609071  |r 2026-02-21 19:27:43  |t č. 1-10  |w 2026-02-21  |y PREZ 
952 |0 0  |1 0  |4 0  |7 0  |8 0  |a SNK  |b SNK  |d 2006-06-15  |f 1  |i snk2006/12097  |l 0  |o snkČSB 299/10(19)/2000  |p 17A0488877  |r 2026-02-21 20:03:38  |t č. 1-4  |w 2026-02-21  |y PREZ 
952 |0 0  |1 0  |4 0  |7 0  |8 0  |a SNK  |b SNK  |d 2006-06-15  |i snk2006/12098  |l 0  |o snkČSB 299/10(19)/2000 D1  |p 17A0488878  |r 2026-02-21 20:03:38  |t č. 1-4  |w 2026-02-21  |y PREZ 
952 |0 0  |1 0  |4 0  |7 0  |8 0  |a SNK  |b SNK  |d 2006-06-15  |i snk2006/12103  |l 0  |o snkČSB 299/11(20)/2001 D1  |p 17A0488258  |r 2026-02-21 20:03:40  |t č. 1-4  |w 2026-02-21  |y PREZ 
952 |0 0  |1 0  |4 0  |7 0  |8 5  |a SNK  |b SNK  |d 2011-02-21  |i snkF 3468/68  |l 0  |o snkČSB 299/7/1988 D1  |p 17A0688867  |r 2026-02-21 20:05:39  |t č. 1-10  |w 2026-02-21  |y PREZ 
952 |0 0  |1 0  |4 0  |7 0  |8 0  |a SNK  |b SNK  |d 2009-07-02  |f 1  |i snk2009/12363  |l 0  |o snkČSB 299/12(21)/2002  |p 17A0609504  |r 2026-02-21 20:16:06  |t č. 1-4  |w 2026-02-21  |y PREZ 
952 |0 0  |1 0  |4 0  |7 0  |8 0  |a SNK  |b SNK  |d 2006-06-15  |f 1  |i snk2006/12100  |l 0  |o snkČSB 299/11(20)/2001  |p 17A0488879  |r 2026-02-21 20:22:13  |t č. 1-4  |w 2026-02-21  |y PREZ 
952 |0 0  |1 0  |4 0  |7 0  |a SNK  |b SNK  |d 2001-03-02  |l 0  |o snkČSB 299/1996 D1  |p 17A0267282  |r 2005-01-02 00:00:00  |w 2026-02-21  |y PREZ 
952 |0 0  |1 0  |4 0  |7 0  |a SNK  |b SNK  |d 2009-06-24  |f 1  |i snkČSP 5842/1994  |l 0  |o snkČSB 299/3(12)/1993  |p 17A0213433  |r 2026-02-21 20:54:01  |t č. 1-10  |w 2026-02-21  |y PREZ 
952 |0 0  |1 0  |4 0  |7 0  |a SNK  |b SNK  |d 2009-06-24  |f 1  |i snkČSP 3248/1993  |l 0  |o snkČSB 299/1(10)/1991  |p 17A0114073  |r 2026-02-21 21:01:51  |t č. 1-10  |w 2026-02-21  |y PREZ 
952 |0 0  |1 0  |4 0  |7 0  |a SNK  |b SNK  |d 2009-06-24  |l 0  |o snkČSB 299/1(10)/1991 D1  |p 17A0117727  |r 2026-02-21 21:01:51  |t č. 1-10  |w 2026-02-21  |y PREZ 
952 |0 0  |1 0  |4 0  |7 0  |a SNK  |b SNK  |d 2009-06-24  |f 1  |i snkČSP 392/1999  |l 0  |o snkČSB 299/1997  |p 17A0229441  |r 2026-02-21 21:01:51  |t č. 1-4  |w 2026-02-21  |y PREZ 
952 |0 0  |1 0  |4 0  |7 0  |a SNK  |b SNK  |d 2009-06-24  |l 0  |o snkČSB 299/1997 D1  |p 17A0350757  |r 2026-02-21 21:01:51  |t č. 1-4  |w 2026-02-21  |y PREZ 
952 |0 0  |1 0  |4 0  |7 0  |a SNK  |b SNK  |d 2009-06-24  |f 1  |i snkČSP 1643/2002  |l 0  |o snkČSB 299/9(18)/1999  |p 17A0355700  |r 2026-02-21 21:01:51  |t č. 1-4  |w 2026-02-21  |y PREZ 
952 |0 0  |1 0  |4 0  |7 0  |a SNK  |b SNK  |d 2009-06-24  |i snk2002/1644  |l 0  |o snkČSB 299/9(18)/1999 D1  |p 17A0355859  |r 2026-02-21 21:01:51  |t č. 1-4  |w 2026-02-21  |y PREZ 
952 |0 0  |1 0  |4 0  |7 0  |a SNK  |b SNK  |d 2009-06-24  |f 1  |i snkČSP 3018/1994  |l 0  |o snkČSB 299/2(11)/1992  |p 17A0156324  |r 2026-02-21 21:01:51  |t č. 1-10  |w 2026-02-21  |y PREZ 
952 |0 0  |1 0  |4 0  |7 0  |a SNK  |b SNK  |d 2009-06-24  |l 0  |o snkČSB 299/2(11)/1992 D1  |p 17A0132533  |r 2026-02-21 21:01:51  |t č. 1-10  |w 2026-02-21  |y PREZ 
952 |0 0  |1 0  |4 0  |7 0  |a SNK  |b SNK  |d 2009-06-24  |l 0  |o snkČSB 299/3(12)/1993 D1  |p 17A0137194  |r 2026-02-21 21:01:51  |t č. 1-10  |w 2026-02-21  |y PREZ 
952 |0 0  |1 0  |4 0  |7 0  |a SNK  |b SNK  |d 2009-06-24  |f 1  |i snkČSP 792/1999  |l 0  |o snkČSB 299/4(13)/1994  |p 17A0235119  |r 2026-02-21 21:01:51  |t č. 1-10  |w 2026-02-21  |y PREZ 
952 |0 0  |1 0  |4 0  |7 0  |a SNK  |b SNK  |d 2009-06-24  |l 0  |o snkČSB 299/4(13)/1994 D1  |p 17A0215949  |r 2026-02-21 21:01:51  |t č. 1-10  |w 2026-02-21  |y PREZ 
952 |0 0  |1 0  |4 0  |7 0  |a SNK  |b SNK  |d 2009-06-24  |i snkČSP 805/99  |l 0  |o snkČSB 299/5(14)/1995 D1  |p 17A1191101  |r 2026-02-21 21:01:52  |t č. 1-10  |w 2026-02-21  |y PREZ 
952 |0 0  |1 0  |4 0  |7 0  |a SNK  |b SNK  |d 2013-08-28  |f 1  |i snkČSP 390/1999  |l 0  |o snkČSB 299/1996  |p 17A0713835  |r 2026-02-21 21:23:52  |t č. 1  |w 2026-02-21  |y PREZ 
952 |0 0  |1 0  |4 0  |7 0  |8 0  |a SNK  |b SNK  |d 2009-07-02  |f 1  |i snk2009/12361  |l 0  |o snkČSB 299/8(17)/1998  |p 17A0609502  |r 2026-02-21 21:41:21  |t č. 1-4  |w 2026-02-21  |y PREZ 
952 |0 0  |1 0  |4 0  |7 0  |8 0  |a SNK  |b SNK  |d 2009-07-02  |i snk2009/12362  |l 0  |o snkČSB 299/8(17)/1998 D1  |p 17A0609503  |r 2026-02-21 21:41:21  |t č. 1-3, neúplné  |w 2026-02-21  |y PREZ  |z Chýba č. 4. 
952 |0 0  |1 0  |4 0  |7 0  |8 0  |a SNK  |b SNK  |d 2009-07-02  |i snk2009/12365  |l 0  |o snkČSB 299/12(21)/2002 D1  |p 17A0609505  |r 2026-02-21 21:41:21  |t č. 1-4  |w 2026-02-21  |y PREZ